Measuring the efficiency of public road transport companies in the Slovak Republic using DEA and SFA

Meranie a komparácia efektivity spoločností poskytujúcich verejnú cestnú dopravu na Slovensku. Metódy DEA (data envelopment analysis) a SFA (stochastic frontier analysis).

Gespeichert in:
Bibliographische Detailangaben
1. Verfasser: Kráľ, Pavol
Weitere Verfasser: Roháčová, Viera
Format: Buchkapitel
Sprache:Englisch
Schlagworte:
Tags: Tag hinzufügen
Keine Tags, Fügen Sie das erste Tag hinzu!

MARC

LEADER 00000naa a2200000 4500
001 0184478
005 20220505124238.5
041 0 |a eng 
044 |a CZ 
245 1 0 |a Measuring the efficiency of public road transport companies in the Slovak Republic using DEA and SFA  |c Pavol Kráľ, Viera Roháčová 
520 |a Meranie a komparácia efektivity spoločností poskytujúcich verejnú cestnú dopravu na Slovensku. Metódy DEA (data envelopment analysis) a SFA (stochastic frontier analysis). 
610 2 0 |a doprava verejná 
610 2 0 |a doprava cestná 
610 2 0 |a analýza štatistická 
610 2 0 |a meranie 
610 2 0 |a Slovensko 
100 1 |a Kráľ, Pavol 
700 1 |a Roháčová, Viera